skbl

Dr Suryya Kumar Bhuyan Library Web-OPAC
ডঃ সূৰ্য্য
কুমাৰ ভূঞা পুথিভঁৰাল ৱেব-অ'পেক

All Research Scholars are advised to clear the annual library fees to continue using Library Resources, Remote Access, Plagiarism Test and Library Clearance.

Cotton University Book Fair 2026

Sampling Techniques / (Record no. 3905)

MARC details
000 -LEADER
fixed length control field 01275nam a2200517Ia 4500
001 - CONTROL NUMBER
control field 3917
005 - DATE AND TIME OF LATEST TRANSACTION
control field 20240113233700.0
007 - PHYSICAL DESCRIPTION FIXED FIELD--GENERAL INFORMATION
fixed length control field ta
008 - FIXED-LENGTH DATA ELEMENTS--GENERAL INFORMATION
fixed length control field 090224s1977 g b000 u eng u
020 ## - INTERNATIONAL STANDARD BOOK NUMBER
International Standard Book Number 0 85226 121 7
Terms of availability Rs. 50.00
020 ## - INTERNATIONAL STANDARD BOOK NUMBER
International Standard Book Number 0-85226-091-1
020 ## - INTERNATIONAL STANDARD BOOK NUMBER
International Standard Book Number 0-85226-121-7
040 ## - CATALOGING SOURCE
Original cataloging agency Cotton College,Assam
041 ## - LANGUAGE CODE
Language code of text/sound track or separate title eng
082 ## - DEWEY DECIMAL CLASSIFICATION NUMBER
Classification number 311.22
Item number C 66 Sa
082 ## - DEWEY DECIMAL CLASSIFICATION NUMBER
Classification number 519.52
Item number Co 66 Sa
100 ## - MAIN ENTRY--PERSONAL NAME
Personal name Cochran, William G. .
245 #0 - TITLE STATEMENT
Title Sampling Techniques /
Statement of responsibility, etc. William G. Cochran.
Medium Textual Documents
250 ## - EDITION STATEMENT
Edition statement 3rd ed. /
260 ## - PUBLICATION, DISTRIBUTION, ETC.
Place of publication, distribution, etc. New Delhi :
Name of publisher, distributor, etc. Wiley Eastern ,
Date of publication, distribution, etc. 1977.
300 ## - PHYSICAL DESCRIPTION
Extent xvi, 428p. ;
Dimensions 21cm.
365 ## - TRADE PRICE
Price type code Rs. 50.00
504 ## - BIBLIOGRAPHY, ETC. NOTE
Bibliography, etc. note Index
653 ## - INDEX TERM--UNCONTROLLED
Uncontrolled term Statistics-Sampling Techniques
653 ## - INDEX TERM--UNCONTROLLED
Uncontrolled term Sampling Techniques
653 ## - INDEX TERM--UNCONTROLLED
Uncontrolled term PG-Statistics
653 ## - INDEX TERM--UNCONTROLLED
Uncontrolled term G-Mathematics
653 ## - INDEX TERM--UNCONTROLLED
Uncontrolled term G-Statistics
653 ## - INDEX TERM--UNCONTROLLED
Uncontrolled term G-Economics
653 ## - INDEX TERM--UNCONTROLLED
Uncontrolled term T/G- Statistics
942 ## - ADDED ENTRY ELEMENTS (KOHA)
Source of classification or shelving scheme Dewey Decimal Classification
Koha item type Books
Holdings
Withdrawn status Lost status Damaged status Not for loan Collection Home library Current library Date acquired Coded location qualifier Cost, normal purchase price Total checkouts Full call number Barcode Date last seen Copy number Price effective from Koha item type
          Dr. Suryya Kumar Bhuyan Library Dr. Suryya Kumar Bhuyan Library 01/02/2012 00000 50.00   311.22 C 66 Sa 80027 13/01/2024 2 01/02/2012 Books
          Dr. Suryya Kumar Bhuyan Library Dr. Suryya Kumar Bhuyan Library 01/02/2012 00000 50.00   311.22 C 66 Sa 013/Stat 13/01/2024 1 01/02/2012 Books
          Dr. Suryya Kumar Bhuyan Library Dr. Suryya Kumar Bhuyan Library 01/02/2012 00000 50.00   311.22 C 66 Sa 014/Stat 13/01/2024 7 01/02/2012 Books
          Dr. Suryya Kumar Bhuyan Library Dr. Suryya Kumar Bhuyan Library 01/02/2012 00000 50.00   311.22 C 66 Sa 320/Stat 13/01/2024 3 01/02/2012 Books
          Dr. Suryya Kumar Bhuyan Library Dr. Suryya Kumar Bhuyan Library 01/02/2012 00000 50.00   311.22 C 66 Sa 321/Stat 13/01/2024 4 01/02/2012 Books
          Dr. Suryya Kumar Bhuyan Library Dr. Suryya Kumar Bhuyan Library 01/02/2012 00000 50.00   311.22 C 66 Sa 468/Stat 13/01/2024 8 01/02/2012 Books
          Dr. Suryya Kumar Bhuyan Library Dr. Suryya Kumar Bhuyan Library 01/02/2012 00000 50.00   311.22 C 66 Sa 49900 13/01/2024 11 01/02/2012 Books
          Dr. Suryya Kumar Bhuyan Library Dr. Suryya Kumar Bhuyan Library 01/02/2012 00000 50.00   311.22 C 66 Sa 641/Eco 13/01/2024 10 01/02/2012 Books
          Dr. Suryya Kumar Bhuyan Library Dr. Suryya Kumar Bhuyan Library 01/02/2012 00000 50.00   311.22 C 66 Sa 79003 13/01/2024 6 01/02/2012 Books
          Dr. Suryya Kumar Bhuyan Library Dr. Suryya Kumar Bhuyan Library 01/02/2012 00000 50.00   311.22 C 66 Sa 79004 13/01/2024 13 01/02/2012 Books
          Dr. Suryya Kumar Bhuyan Library Dr. Suryya Kumar Bhuyan Library 01/02/2012 00000 50.00   311.22 C 66 Sa 80023 13/01/2024 5 01/02/2012 Books
          Dr. Suryya Kumar Bhuyan Library Dr. Suryya Kumar Bhuyan Library 01/02/2012 00000 50.00   311.22 C 66 Sa 80025 13/01/2024 12 01/02/2012 Books
          Dr. Suryya Kumar Bhuyan Library Dr. Suryya Kumar Bhuyan Library 01/02/2012 00000 50.00   311.22 C 66 Sa 80026 13/01/2024 9 01/02/2012 Books

Designed and Maintained by Team SKBL
©1901-2026

Powered by Koha